004460000a2200073000450024502200000004100140022010000330023477301050026710aInvestigación científica para la gestión ambiental integrada de espacios acuáticos compartidos, el desafío es pasar de las palabras a los hechossel caso del río de La Plata y su frente marítimo (RPFM)0 aEspañol1 aCantera Kintz, Jaime Ricardo1 tRevista de la Academia Colombiana de Ciencias Exactas, Físicas y Naturalesh111q255-269d2005g29